They call me pastor : (Record no. 2031)

MARC details
000 -LEADER
fixed length control field 01164cam a22003014a 4500
001 - CONTROL NUMBER
control field 11981962
003 - CONTROL NUMBER IDENTIFIER
control field GBCCL
005 - DATE AND TIME OF LATEST TRANSACTION
control field 20241126110415.0
008 - FIXED-LENGTH DATA ELEMENTS--GENERAL INFORMATION
fixed length control field 000420s2000 cau b 000 0 eng
010 ## -
-- 00032339
020 ## - INTERNATIONAL STANDARD BOOK NUMBER
International Standard Book Number 0830723900
040 ## - CATALOGING SOURCE
Original cataloging agency DLC
Transcribing agency DLC
Modifying agency DLC
042 ## -
-- pcc
050 00 -
-- BV660.2
-- .L665 2000
082 00 - DEWEY DECIMAL CLASSIFICATION NUMBER
Classification number 253
Edition information 21
Item number LON
100 1# - MAIN ENTRY--PERSONAL NAME
Personal name London, H. B.
9 (RLIN) 4176
245 10 - TITLE STATEMENT
Title They call me pastor :
Remainder of title how to love the ones you lead /
Statement of responsibility, etc. H.B. London & Neil B. Wiseman.
260 ## - PUBLICATION, DISTRIBUTION, ETC.
Place of publication, distribution, etc. Ventura, Calif. :
Name of publisher, distributor, etc. Regal,
Date of publication, distribution, etc. c2000.
300 ## - PHYSICAL DESCRIPTION
Extent 279 p. ;
Dimensions 21 cm.
504 ## - BIBLIOGRAPHY, ETC. NOTE
Bibliography, etc. note Includes bibliographical references.
650 #0 - SUBJECT ADDED ENTRY--TOPICAL TERM
Topical term or geographic name entry element Clergy
General subdivision Office.
9 (RLIN) 299
700 1# - ADDED ENTRY--PERSONAL NAME
Personal name Wiseman, Neil B.
9 (RLIN) 4178
856 42 - ELECTRONIC LOCATION AND ACCESS
Materials specified Contributor biographical information
Uniform Resource Identifier <a href="http://www.loc.gov/catdir/enhancements/fy1101/00032339-b.html">http://www.loc.gov/catdir/enhancements/fy1101/00032339-b.html</a>
856 42 - ELECTRONIC LOCATION AND ACCESS
Materials specified Publisher description
Uniform Resource Identifier <a href="http://www.loc.gov/catdir/enhancements/fy1110/00032339-d.html">http://www.loc.gov/catdir/enhancements/fy1110/00032339-d.html</a>
906 ## - LOCAL DATA ELEMENT F, LDF (RLIN)
a 7
b cbc
c orignew
d 1
e ocip
f 20
g y-gencatlg
942 ## - ADDED ENTRY ELEMENTS (KOHA)
Source of classification or shelving scheme Dewey Decimal Classification
Koha item type Books
Koha issues (borrowed), all copies 6
Holdings
Withdrawn status Lost status Source of classification or shelving scheme Damaged status Not for loan Home library Current Library Shelving location Date acquired Total checkouts Full call number Barcode Date last seen Date last checked out Copy number Price effective from Koha item type
    Dewey Decimal Classification     GRACE BIBLE COLLEGE GRACE BIBLE COLLEGE Ministry & Mission 2017-06-09 2 253 LON 011125 2025-05-01 2022-08-22 c.1 2017-06-09 Books
    Dewey Decimal Classification     GRACE BIBLE COLLEGE GRACE BIBLE COLLEGE Ministry & Mission 2017-06-09   253 LON 011126 2025-05-01   c.2 2017-06-09 Books
    Dewey Decimal Classification     GRACE BIBLE COLLEGE GRACE BIBLE COLLEGE Ministry & Mission 2017-06-09 1 253 LON 011127 2025-05-01 2019-10-25 c.3 2017-06-09 Books
    Dewey Decimal Classification     GRACE BIBLE COLLEGE GRACE BIBLE COLLEGE Ministry & Mission 2017-06-09 2 253 LON 011128 2025-05-01 2022-08-19 c.4 2017-06-09 Books
    Dewey Decimal Classification     GRACE BIBLE COLLEGE GRACE BIBLE COLLEGE Ministry & Mission 2017-06-09 2 253 LON 011129 2025-05-01 2022-12-12 c.5 2017-06-09 Books
© Grace Bible College Library 2025